Länderflaggen mit entferntem Gelb 1 - Statistiken

Allgemein
  • Dieses Quiz wurde 190 mal gespielt
  • Das Durchschnittsergebnis liegt bei 12 aus 16
Antwortstatistiken
Bildquiz Antwort % Korrekt
Spanien
96%
Uganda
95%
Vatikanstadt
95%
Deutschland
94%
Sri Lanka
94%
Ghana
83%
Senegal
80%
Togo
77%
Kamerun
74%
Republik Kongo
66%
Grenada
63%
São Tomé und Príncipe
63%
Guyana
62%
Gabun
56%
Guinea
53%
Kolumbien
52%
Keine übereinstimmenden Quizze gefunden
Verteilung der Resultate
Anzahl Personen mit jedem Resultat
Perzentil nach korrekt beantworteten Fragen
Ihre Resultats-Entwicklung
Sie haben dieses Quiz noch nicht gespielt